Science Quiz

Random Science or Discovery Quiz

Scientific Breakthroughs of 2017 Quiz Stats

 Plays Quiz Updated Jan 27, 2018

Challenge
Share
Tweet
Embed
Score 0/12 Timer 05:00
5 Plays Today
Question Answer Wrong Answers
-- FEBRUARY 2017 --

About 360 light years away from the Earth, the astronomers discovered the first:
white dwarf pulsar
92.8%
extraterrestrial intelligence
6.8%
-- JUNE 2017 --

European Association of Cardiologists confirms successful development of vaccine that lowers cholesterol in:
mice
88.7%
hippos
8.6%
-- MARCH 2017 --

Hardware giant IBM announced development of the world's first commercial quantum:
computer
88.5%
leap
10.6%
-- SEPTEMBER 2017 --

A patient shows first signs of consciousness after 15 years of deep coma after receiving a implant of:
nerve simulator
80.4%
electronic brain
15.9%
-- DECEMBER 2017 --

University College London Hospitals Biomedical Research Centre first correct genetic anomaly causing:
Huntington's disease
79.7%
Ebola hemorrhagic fever
16%
-- JANUARY 2017 --

A 3D-printer was made that can print a functional:
human skin
79.6%
atomic bomb
20.4%
-- APRIL 2017 --

Researchers at the University of California, Berkeley, have made a device able to use solar energy to extract water from:
air
79%
Mars
19.6%
-- AUGUST 2017 --

American Chemical Society researchers prove they can outperform plants in photosynthesis by using:
cyborg bacteria
75%
computer viruses
21.6%
-- MAY 2017 --

Google's DeepMind AlphaGo computer beats Ke Yi in a complex traditional Chinese game of:
Go
68.2%
Wushu
29.6%
-- OCTOBER 2017 --

Scientists at Rutgers genetically alter maize to stimulate production of methionine (amino-acid found in meat) by inserting a gene of:
E. coli bacteria
66.2%
Red Spanish pineapple
29.9%
-- JULY 2017 --

German biologists claim that number of insects worldwide decreased in the last 25 years by as much as:
75%
54.3%
25%
42.7%
-- NOVEMBER 2017 --

US Food and Drug Administration agency allows use of the first drug with a built-in:
digital ingestion tracking system
53.3%
nanorobotic diagnostics system
42.5%

You're not logged in!

Compare scores with friends on all Sporcle quizzes.
OR
Log In

You Might Also Like...

Show Comments

Extras

Top Quizzes Today


Score Distribution

Your Account Isn't Verified!

In order to create a playlist on Sporcle, you need to verify the email address you used during registration. Go to your Sporcle Settings to finish the process.

Report this User

Report this user for behavior that violates our Community Guidelines.

Details: